000 01130nam a2200241Ii 4500
003 JO-AjNU
005 20240629100714.0
008 230605s9999||||xx |||||||||||||| ||und||
040 _aJO-AjNU
_bara
_erda
_cJO-AjNU
041 _aara
050 1 4 _aKZ6311 2017
100 _aحمود، اياد عبد الخضر جاسم
_eمعد
_965750
245 0 0 _aالأساس القانوني في الاحالة من مجلس الامن الى المحكمة الجنائية الدولية = The Legal Basas of Transfer from the Security Council to the International Crime Court
_c/ اعداد إياد عبد الخضر جاسم حمود ؛ اشراف طلال ياسين العيسى
264 3 1 _a2017
300 _a126 ورقة
336 _atext
_btxt
_2rdacontent
337 _aunmediated
_bn
_2rdamedia
338 _avolume
_bnc
_2rdacarrier
500 _aرسالة جامعية ( اطروحة ماجستير) جامعة عجلون الوطنية'، 2017
650 4 _aالمحكمة الجنائية الدولية - القانون
_957008
700 _aالعيسى، طلال ياسين
_964930
_eمشرف
942 _2lcc
_cTHS
999 _c29089
_d29089